The balanced company : a theory of corporate integrity

Αποθηκεύτηκε σε:
Λεπτομέρειες βιβλιογραφικής εγγραφής
Κύριος συγγραφέας: Kaptein, Muel
Άλλοι συγγραφείς: Wempe, Johan Ferdinand Dietrich Bernardus 1952-
Μορφή: Βιβλίο
Γλώσσα:English
Δημοσίευση: Oxford : xford University Press, c2002
Θέματα:
Ετικέτες: Προσθήκη ετικέτας
Δεν υπάρχουν, Καταχωρήστε ετικέτα πρώτοι!

MARC

LEADER 00000nam a2200000 i 4500
001 1/81251
008 080409s2002 eng d
020 |a 978-0-19-925551-1 (pbk.) 
020 |a 978-0-19-925550-4 (hbk.) 
035 |l 10096420 
040 |a GR-MY-UA  |b gre  |e aacr 
041 0 |a eng 
082 0 |a 174.4  |2 (22) 
100 1 |a Kaptein, Muel. 
245 1 4 |a The balanced company :  |b a theory of corporate integrity /  |c Muel Kaptein and Johan Wempe 
260 |a Oxford :   |b xford University Press,   |c c2002 
300 |a 344 σ. ;  |b εικ.;  |c 25 εκ. 
504 |a Βιβλιογραφία : σ. [311]-333. Ευρετήριο 
650 0 0 |a Business ethics. 
650 0 0 |a Integrity. 
700 1 |a Wempe, Johan Ferdinand Dietrich Bernardus  |d 1952- 
852 |a INST  |b CHIOS  |e 20080409  |h 174.4 KAP  |p 005200027400  |q 005200027400  |t BK  |y 0 
901 |a BIBL2-2008-1 
909 |a Χ  |b 151867 
922 |a 2ΕΛΗ  |b 200803  |c ΕΠΕΑΕΚ2/ΤΔΕ  |d ΕΛΕΥΘΕΡΟΥΔΑΚΗΣ 
970 |a ΒΑΡΦΗΣ  |b ΒΑΓΓΕΛΗΣ  |z 2008/04/09